000
00307nam a2200109Ia 4500
008
220204s9999 xx 000 0 und d
082
_a
NR:339.13(595)
_b
MAR.11
245
0
_a
Marketing Malaysian rubber products overseas. V 11. Eire
260
_a
Kuala Lumpur
_b
MRRDB
_c
1979
505
_a
set price
942
_c
BK
999
_c
34266
_d
34266